| 000 | 00847nam a22002297a 4500 | ||
|---|---|---|---|
| 003 | OSt | ||
| 008 | 231026t2014 ck gr 001 j spa d | ||
| 020 | _a9789585808300 | ||
| 037 | _3Donación | ||
| 040 |
_aCO-JMCR _cCO-JMCR _dCO-JMCR _erda _bspa |
||
| 041 | 0 | _aspa | |
| 082 | 0 | 4 |
_aA-C _bURIe |
| 100 | 1 |
_943389 _aUribe Ricaurte, Pablo, _eautor |
|
| 245 | 1 | 4 |
_aLos extraños poderes de un camafeo y otros cuentos / _cPablo Uribe Ricaurte |
| 250 | _aSegunda edición | ||
| 264 |
_aBogotá : _bEditorial Ibañez , _c©2014 |
||
| 300 |
_a120 páginas ; _c21 cm. |
||
| 505 | 0 | _aEl faisán de los huevos de plata -- El corazon de otro -- El aprendiz de hechicero -- la casa de las huríes -- los extraños poderes de un camafeo | |
| 650 | 1 | 4 |
_zColombianos _943252 |
| 650 | 2 | 4 |
_vCuentos _943392 |
| 999 |
_c30309 _d16693 |
||